000 00541nam a2200193Ia 4500
999 _c32410
_d32410
003 OSt
005 20200727111438.0
008 190216s9999||||xx |||||||||||||| ||und||
020 _a9788175968110
040 _coclc
082 _a512.5
_bSTR/I
100 _aStrang, Gilbert
_93764
245 0 _aIntroduction To Linear Algebra /
_cGilbert Strang
250 _a4th Ed.
260 _bWellesley-Cambridge Press,
_c2009.
_aUSA:
300 _a573p
650 _aAlgebra
942 _cBK
_2ddc
_h512.5
_iSTR/I
_k512.5
_mSTR/I